000 00687nas a2200229 4500
001 BR8102791
003 BR-BrBNA
005 20231205084730.0
007 ta
008 230509b bl.|||p| |||| 00| 00por d
040 _aBR-BrBNA
_bpor
_cBiblioteca Nacional de Agricultura
041 _a(Pt)
072 _aN20
100 1 _aSilveira, G.M. da
245 1 _aMoto-serra e enxada rotativa mostram servico [Equipamento rural]
650 _aEquipamento rural
650 _aMotor
650 _aEnxada rotativa
773 0 _tRevista dos Criadores (Brazil)
_xISSN 0034-9259
_g(Aug 1981), v. 51(619) p. 44-46
_wBR8102791
909 _a202311
_bLúcia
_c55
_dLúcia Elande
942 _2AGRIS
_n0
_cANA
999 _c106936
_d106936